Girl wonder : (Record no. 3493)

MARC details
000 -LEADER
fixed length control field 00915cam a2200253 a 4500
005 - DATE AND TIME OF LATEST TRANSACTION
control field 20250612093446.0
020 ## - INTERNATIONAL STANDARD BOOK NUMBER
International Standard Book Number 0689833008
040 ## - CATALOGING SOURCE
Original cataloging agency DLC
Transcribing agency DLC
Modifying agency DLC
Language of cataloging eng
050 00 - LIBRARY OF CONGRESS CALL NUMBER
Classification number PZ7.H778125
Item number 2003
082 00 - DEWEY DECIMAL CLASSIFICATION NUMBER
Classification number 796.357
100 1# - MAIN ENTRY--PERSONAL NAME
Personal name Hopkinson, Deborah
245 10 - TITLE STATEMENT
Title Girl wonder :
Remainder of title a baseball story in nine innings /
Statement of responsibility, etc. by Deborah Hopkinson ; with pictures by Terry Widener
260 ## - PUBLICATION, DISTRIBUTION, ETC.
Place of publication, distribution, etc. New York :
Name of publisher, distributor, etc. Scholastic ,
Date of publication, distribution, etc. 2003
300 ## - PHYSICAL DESCRIPTION
Extent 38 unnumbered pages :
Other physical details col. ill. ;
Dimensions 29 cm.
505 ## - FORMATTED CONTENTS NOTE
Formatted contents note N <br/>
520 ## - SUMMARY, ETC.
Summary, etc. In the early 1900s, Alta Weiss, a young woman who knows from an early age that she loves baseball, finds a way to show that she can play, even though she is a girl.
521 ## - TARGET AUDIENCE NOTE
Target audience note 570 <br/>
Source Lexile <br/>
521 ## - TARGET AUDIENCE NOTE
Target audience note N <br/>
Source Raz-Plus <br/>
650 #1 - SUBJECT ADDED ENTRY--TOPICAL TERM
Topical term or geographic name entry element Baseball
Form subdivision Fiction
700 1# - ADDED ENTRY--PERSONAL NAME
Personal name Widener, Terry
Relator term illustrator
906 ## - LOCAL DATA ELEMENT F, LDF (RLIN)
a 7
b cbc
c orignew
d 1
e ocip
f 19
g y-gencatlg
942 ## - ADDED ENTRY ELEMENTS (KOHA)
Source of classification or shelving scheme Dewey Decimal Classification
Koha item type Books
Suppress in OPAC No
999 ## -
-- 3493
-- 3493
Holdings
Withdrawn status Lost status Source of classification or shelving scheme Damaged status Not for loan Collection Home library Current library Shelving location Date acquired Total Checkouts Full call number Barcode Date last seen Price effective from Koha item type Copy number
    Dewey Decimal Classification     Juvenile Fiction Footprints International School Library Network Toul Tom Poung Campus Footprints International School Library Network Toul Tom Poung Campus TTP Primary Yellow Bookshelves 03/13/2024   HOP 796.357 PZ7.H778125 FISTK02321 03/13/2024 03/13/2024 Books  
    Dewey Decimal Classification     Juvenile Fiction Footprints International School Library Network Toul Tom Poung Campus Footprints International School Library Network Toul Tom Poung Campus TTP Primary Yellow Bookshelves 06/12/2025   HOP 796.357 PZ7.H778125 2025-1593 06/12/2025 06/12/2025 Books 2